| 000 | 00645nam a2200229 a 4500 | ||
|---|---|---|---|
| 001 | |||
| 003 | DO-SdBNP | ||
| 005 | 20220303124727.0 | ||
| 008 | 091020s1986 dr 000 f spa d | ||
| 040 |
_aDO-SdBNP _bspa _cBPMSU |
||
| 082 |
_aRD863.44 _bC764t 1986 _222 |
||
| 100 |
_aContreras, Hilma, _d1913-2006 |
||
| 245 | 1 | 3 |
_aLa tierra está bramando : _bnovela / _cHilma Contreras. |
| 260 |
_aSanto Domingo : _bBiblioteca Nacional, _c1986. |
||
| 300 |
_a130 p. ; _c21 cm. |
||
| 490 | 0 | _aOrfeo | |
| 590 | _aInventariado, 2019/VM | ||
| 650 | 4 | _aNovela dominicana | |
| 650 | 4 | _aLiteratura dominicana. | |
| 910 | _a VMateo V. | ||
| 942 |
_2ddc _cBK |
||
| 999 |
_c13653 _d13653 |
||